000
00245nam a2200109Ia 4500
008
190912s9999||||xx |||||||||||||| ||und||
100
_a
Ecked,Druce
245
0
_a
Thinking in C++
260
_a
India
_b
Education
_c
2000
300
_a
814
942
_c
BK
999
_c
7698
_d
7698